| 000 | 00608cab a2200193 4500 | ||
|---|---|---|---|
| 001 | WB2501-33 | ||
| 008 | 090401t1988 xxu||||| |||| 00| 0 eng d | ||
| 035 | _a(Sirsi) u24492 | ||
| 041 | _aeng | ||
| 245 | _aHousing corporation programme | ||
| 260 | _c1988 | ||
| 350 | _a0 | ||
| 490 |
_aDoE News Release _v710 14 December 1988, 7 pages |
||
| 520 | _aA 50% increase in the number of new homes to be approved by the housing corporation over the next three years, has been announced. | ||
| 650 | _aAPPROVED DEVELOPMENT PROGRAMME | ||
| 690 |
_aBlock management _96220 |
||
| 942 | _n0 | ||
| 948 | _c04/03/1997 | ||
| 999 |
_c16425 _d16425 |
||